00640 2200217 4500001002100000005001500021035002500036090002200061245005400083260008300137300004200220007000300262008004100265082001800306084002000324100002700344650001500371850001200386990001200398990001200410YOGYA00000000004772520210616023333 a0010-081400000047443 aL 639.95981 HOO h aHet wildreservaat zuid-Sumatra I /cA. Hoogerwerf akota terbit tidak teridentifikasi :bVereeniging tot Natuur Bescherming,c1936 a160-169 halaman :bilustrasi ;c24 cmta131106s1936 xx a g dut d04223a639.95981 a639.95981 HOO h1 aHoogerwerf, Aepenulis 4aCagar Alam aYOPDYOG a13471-A a13471-A